[Event "EU-ch U16"]
[Site "Prague"]
[Date "2012.08.19"]
[Round "3"]
[White "Medar, Marti"]
[Black "Tomici, Stefan"]
[Result "0-1"]
[WhiteElo "2000"]
[BlackElo "2177"]
[PlyCount "82"]
[EventDate "2012.08.17"]
[EventType "swiss"]
[EventRounds "9"]
[EventCountry "CZE"]
[SourceTitle "CBM 150 Extra"]
[Source "ChessBase"]
[SourceDate "2012.10.19"]
[SourceVersion "1"]
[SourceVersionDate "2012.10.19"]
[SourceQuality "1"]

1. e4 e5 2. Nf3 Nc6 3. c3 Nf6 4. d4 exd4 5. e5 Nd5 6. cxd4 Bb4+ 7. Nbd2 d6 8.
a3 Ba5 9. Bb5 O-O 10. O-O Bb6 11. Nc4 Bg4 12. Nxb6 axb6 13. Qb3 Bxf3 14. Qxf3
dxe5 15. Bxc6 bxc6 16. dxe5 Re8 17. Qg3 Qe7 18. f4 f6 19. exf6 Qxf6 20. f5 h6
21. Bf4 Qd4+ 22. Kh1 Nxf4 23. Rxf4 Qxb2 24. Raf1 Qf6 25. Rg4 Kh7 26. Rg6 Qe5
27. Rxh6+ gxh6 28. Qg6+ Kh8 29. Qxh6+ Kg8 30. f6 Kf7 31. Qh7+ Ke6 32. Qh3+ Kd6
33. f7 Rh8 34. Qd3+ Ke7 35. h3 Raf8 36. Rf5 Qd6 37. Qe4+ Kd7 38. Qg4 Qe6 39.
Qd4+ Kc8 40. Rf6 Qd5 41. Qg4+ Kb7 0-1

[Event "It (open)"]
[Site "Dresden (Germany)"]
[Date "2012.08.19"]
[Round "2"]
[White "Voeller, Lothar"]
[Black "Schmidt, Maurin"]
[Result "1-0"]
[WhiteElo "1669"]
[BlackElo "1936"]
[PlyCount "117"]
[EventDate "2012.??.??"]
[EventType "swiss"]
[EventRounds "9"]
[EventCountry "GER"]
[SourceTitle "OM OTB B 201907"]
[Source "Opening Master"]
[SourceDate "2019.07.06"]
[SourceVersion "2"]
[SourceVersionDate "2019.07.06"]
[SourceQuality "1"]

1. e4 e5 2. Nf3 Nc6 3. c3 Nf6 4. d4 Nxe4 5. d5 Ne7 6. Nxe5 d6 7. Nf3 g6 8. Qd4
Bg7 9. Qxe4 Bf5 10. Qa4+ Bd7 11. Qd1 O-O 12. Be2 c6 13. dxc6 Bxc6 14. O-O Qd7
15. Bf4 Nf5 16. Na3 Ba4 17. Qc1 Rfe8 18. Bd3 h6 19. Bxf5 Qxf5 20. Bxh6 Bf8 21.
Bxf8 Rxf8 22. Qg5 Qxg5 23. Nxg5 f6 24. Ne6 Rfe8 25. Nc7 Rac8 26. Nxe8 Rxe8 27.
Rfe1 Rf8 28. b3 Bd7 29. c4 Rc8 30. Rad1 Rc6 31. Re7 Bg4 32. f3 Bf5 33. Rxb7 a6
34. Re1 Rc8 35. Ree7 a5 36. Nb5 Rd8 37. Nxd6 Bb1 38. Re8+ Rxe8 39. Nxe8 Kf8 40.
Nxf6 Bxa2 41. c5 g5 42. c6 Bb1 43. Nh7+ Ke8 44. Nxg5 Kd8 45. Ne4 Bd3 46. Ra7
Bb5 47. c7+ Kc8 48. Nd6+ Kd7 49. Nxb5 Ke6 50. Rxa5 Ke5 51. f4+ Kxf4 52. Na7 Ke3
53. c8=R Kd3 54. Rd5+ Ke3 55. Rd7 Kf4 56. Re7 Kf5 57. Rf8+ Kg5 58. Rg7+ Kh5 59.
Rh8# 1-0

[Event "EU-ch U16"]
[Site "Prague"]
[Date "2012.08.18"]
[Round "2"]
[White "Thorpe, Thomas"]
[Black "Brenner, Stav"]
[Result "1/2-1/2"]
[WhiteElo "1829"]
[BlackElo "2034"]
[PlyCount "36"]
[EventDate "2012.08.17"]
[EventType "swiss"]
[EventRounds "9"]
[EventCountry "CZE"]
[SourceTitle "CBM 150 Extra"]
[Source "ChessBase"]
[SourceDate "2012.10.19"]
[SourceVersion "1"]
[SourceVersionDate "2012.10.19"]
[SourceQuality "1"]

1. e4 e5 2. Nf3 Nc6 3. c3 Nf6 4. d4 d5 5. Bb5 Bg4 6. dxe5 Nxe4 7. Qa4 Bc5 8.
Nd4 O-O 9. Bxc6 bxc6 10. O-O f6 11. e6 Bd6 12. f3 Nc5 13. Qxc6 Bxe6 14. b4 Bd7
15. Qxd5+ Be6 16. Qc6 Bd7 17. Qd5+ Be6 18. Qc6 Bd7 1/2-1/2

[Event "rogerio_zeferino's mini-tournament VI"]
[Site "http://gameknot.com/chess.pl?"]
[Date "2012.08.18"]
[Round "?"]
[White "oregonchessguy"]
[Black "nopersona"]
[Result "0-1"]
[WhiteElo "2110"]
[BlackElo "2160"]
[PlyCount "60"]
[EventDate "2012.??.??"]
[SourceTitle "OM Portal C 201906"]
[Source "Opening Master"]
[SourceDate "2019.06.27"]
[SourceVersion "1"]
[SourceVersionDate "2019.06.27"]
[SourceQuality "1"]

1. e4 e5 2. Nf3 Nc6 3. c3 d5 4. Qa4 Nf6 5. Nxe5 Bd6 6. Nxc6 bxc6 7. d3 O-O 8.
Be2 Re8 9. Nd2 Bg4 10. f3 Bd7 11. Qd4 Nh5 12. g3 Qe7 13. Qe3 Nf6 14. O-O c5 15.
Qf2 Rab8 16. Re1 c4 17. d4 dxe4 18. Qf1 exf3 19. Nxf3 Bc6 20. Bxc4 Qd7 21. Ne5
Bxe5 22. dxe5 Ba8 23. h3 Ne4 24. Rd1 Qe7 25. g4 Red8 26. Be3 Qh4 27. Qf3 Nd2
28. Qxf7+ Kh8 29. Rxd2 Qg3+ 30. Kf1 Rf8 0-1

[Event "Panevezys IM"]
[Site "Panevezys"]
[Date "2012.08.15"]
[Round "4"]
[White "Starostits, Ilmars"]
[Black "Kiltti, Jyrki"]
[Result "1-0"]
[WhiteElo "2494"]
[BlackElo "2253"]
[PlyCount "59"]
[EventDate "2012.08.13"]
[EventType "tourn"]
[EventRounds "9"]
[EventCountry "LTU"]
[EventCategory "5"]
[SourceTitle "CBM 149 Extra"]
[Source "ChessBase"]
[SourceDate "2012.08.24"]
[SourceVersion "1"]
[SourceVersionDate "2012.08.24"]
[SourceQuality "1"]

1. e4 e5 2. Nf3 Nc6 3. c3 d5 4. Qa4 dxe4 5. Nxe5 Qd5 6. Nxc6 bxc6 7. Bc4 Qd7 8.
O-O Nf6 9. d3 exd3 10. Bxd3 Be7 11. Rd1 Bd6 12. Bg5 Kf8 13. Nd2 Ng4 14. Nf3 Rb8
15. h3 h6 16. Bf4 Nf6 17. Ne5 Qe8 18. Re1 Be6 19. Re2 g5 20. Bh2 Kg7 21. Rae1
c5 22. Qc2 Qc8 23. c4 Qb7 24. f4 gxf4 25. Bxf4 Nd7 26. Nxd7 Bxd7 27. Qc3+ Kg8
28. Bxd6 cxd6 29. Re3 Qxb2 30. Re8+ 1-0

[Event "corr RemoteSchachS7E adv-127"]
[Site "www.remoteschach.de"]
[Date "2012.08.10"]
[Round "?"]
[White "Schatz, Hans Dieter"]
[Black "Jarecki, Marian"]
[Result "1-0"]
[WhiteElo "2275"]
[BlackElo "2193"]
[PlyCount "69"]
[EventDate "2012.??.??"]
[EventType "tourn (corr)"]
[SourceTitle "OM Corr 202003"]
[Source "Opening Master"]
[SourceDate "2019.05.30"]
[SourceVersion "2"]
[SourceVersionDate "2019.05.30"]
[SourceQuality "1"]

1. e4 e5 2. Nf3 Nc6 3. c3 a6 4. Bc4 Nf6 5. Qe2 Be7 6. d4 d6 7. d5 Nb8 8. Bd3 c6
9. c4 a5 10. Nc3 O-O 11. h3 Na6 12. Be3 Nb4 13. Bb1 Qc7 14. O-O Na6 15. Nd2 Bd7
16. Rd1 Rfe8 17. Nf1 Rec8 18. b3 cxd5 19. exd5 Ne8 20. a4 Qd8 21. Qf3 g6 22. g4
Bf8 23. Ne4 h6 24. Nfg3 Nb4 25. Kh2 Qh4 26. Rg1 Bg7 27. Nf5 gxf5 28. gxf5 Kh8
29. Rg4 Qh5 30. Ng3 e4 31. Qf4 Qxg4 32. hxg4 Bxa1 33. Qxh6+ Kg8 34. Qg5+ Ng7
35. Nh5 1-0

[Event "RA-2012-0-00229"]
[Site "Lechenicher SchachServer"]
[Date "2012.08.05"]
[Round "?"]
[White "Cossmann, Robert"]
[Black "Schenning, Albert"]
[Result "1/2-1/2"]
[WhiteElo "2091"]
[BlackElo "2100"]
[PlyCount "26"]
[EventDate "2012.07.15"]

1. e4 e5 2. Nf3 Nc6 3. c3 Nf6 4. Qa4 d6 5. Bb5 Bd7 6. Qc2 Be7 7. d3 O-O 8. O-O
a6 9. Bxc6 Bxc6 10. Re1 Re8 11. h3 b5 12. c4 h6 13. Be3 Bb7 {Draw agreed}
1/2-1/2

[Event "RA-2012-0-00229"]
[Site "Lechenicher SchachServer"]
[Date "2012.08.05"]
[Round "?"]
[White "Cossmann, Robert"]
[Black "Zielinski, Sergej"]
[Result "0-1"]
[WhiteElo "2091"]
[BlackElo "2157"]
[PlyCount "88"]
[EventDate "2012.07.15"]
[SourceTitle "OM Corr 202003"]
[Source "Opening Master"]
[SourceDate "2019.05.30"]
[SourceVersion "2"]
[SourceVersionDate "2019.05.30"]
[SourceQuality "1"]

1. e4 e5 2. Nf3 Nc6 3. c3 Nf6 4. Qa4 d6 5. Bb5 Bd7 6. Qc2 Be7 7. O-O O-O 8.
Bxc6 Bxc6 9. Re1 Re8 10. d3 h6 11. h3 b5 12. Nbd2 a6 13. c4 Qd7 14. d4 Bb7 15.
dxe5 dxe5 16. Nxe5 Qe6 17. Nef3 bxc4 18. e5 Nd7 19. Qxc4 Qg6 20. Ne4 Nc5 21.
Nxc5 Bxf3 22. g3 Rad8 23. Nxa6 Bf8 24. Bf4 Re6 25. Nc5 Qh5 26. Kh2 Bg4 27. h4
Rc6 28. b4 Bxc5 29. bxc5 g5 30. Be3 gxh4 31. Rh1 hxg3+ 32. Kxg3 Bh3 33. Rxh3
Rg6+ 34. Kh2 Qxe5+ 35. Qf4 Qxa1 36. Rg3 Rxg3 37. Qxg3+ Kh8 38. Qh4 Rd1 39.
Qxh6+ Kg8 40. Qg5+ Qg7 41. a4 Qxg5 42. Bxg5 c6 43. a5 Rd5 44. Be7 Rd7 0-1

[Event "FICS rated standard game"]
[Site "FICS freechess.org"]
[Date "2012.08.05"]
[Round "?"]
[White "faconmortal"]
[Black "maxoud"]
[Result "1-0"]
[WhiteElo "2163"]
[BlackElo "2110"]
[PlyCount "23"]
[EventDate "2012.??.??"]
[SourceTitle "OM Portal C 201906"]
[Source "Opening Master"]
[SourceDate "2019.06.27"]
[SourceVersion "1"]
[SourceVersionDate "2019.06.27"]
[SourceQuality "1"]

1. e4 e5 2. Nf3 Nc6 3. c3 d5 4. Qa4 Nf6 5. Nxe5 Bd7 6. Nxc6 Bxc6 7. Bb5 Qd7 8.
Bxc6 Qxc6 9. Qxc6+ bxc6 10. e5 Ne4 11. b4 h6 12. f4 1-0

[Event "ZH-2012-0-00844"]
[Site "Lechenicher SchachServer"]
[Date "2012.08.03"]
[Round "?"]
[White "Cossmann, Robert"]
[Black "Nowak, Ireneusz"]
[Result "1/2-1/2"]
[WhiteElo "2091"]
[BlackElo "2087"]
[PlyCount "66"]
[EventDate "2012.07.28"]
[SourceTitle "OM Corr 202003"]
[Source "Opening Master"]
[SourceDate "2019.05.30"]
[SourceVersion "2"]
[SourceVersionDate "2019.05.30"]
[SourceQuality "1"]

1. e4 e5 2. Nf3 Nc6 3. c3 Nf6 4. d4 Nxe4 5. d5 Ne7 6. Nxe5 Ng6 7. Nxg6 hxg6 8.
Qe2 Qe7 9. Be3 Rh5 10. g3 Rxd5 11. Bg2 Re5 12. O-O d5 13. Nd2 Bf5 14. Rfe1 Nxd2
15. Qxd2 O-O-O 16. b4 Re8 17. a4 c6 18. Qd4 a6 19. b5 Qc7 20. bxa6 bxa6 21. c4
Bb4 22. cxd5 Bxe1 23. Rxe1 cxd5 24. Bxd5 Rd8 25. Rc1 Qxc1+ 26. Bxc1 Rdxd5 27.
Qc4+ Kd7 28. Bf4 Bd3 29. Qc3 Re2 30. Qxg7 Re1+ 31. Kg2 Be4+ 32. Kh3 Rh5+ 33.
Kg4 Bf5+ 1/2-1/2

[Event "Pinneberg op Seniors 13th"]
[Site "Pinneberg"]
[Date "2012.08.02"]
[Round "7"]
[White "Ziehm, Holger"]
[Black "Lubisch, Gerwalt"]
[Result "1/2-1/2"]
[WhiteElo "1514"]
[BlackElo "1271"]
[PlyCount "48"]
[EventDate "2012.06.21"]
[EventType "swiss"]
[EventRounds "7"]
[EventCountry "GER"]
[SourceTitle "EXT 2013"]
[Source "ChessBase"]
[SourceDate "2012.11.22"]
[SourceVersion "1"]
[SourceVersionDate "2012.11.22"]
[SourceQuality "1"]

1. e4 e5 2. Nf3 Nc6 3. c3 a6 4. d4 exd4 5. cxd4 d5 6. e5 Bb4+ 7. Nc3 Qe7 8. a3
Bxc3+ 9. bxc3 f6 10. Bf4 Bg4 11. Be2 O-O-O 12. exf6 Nxf6 13. O-O Ne4 14. Rc1
Rhf8 15. Bd2 Qxa3 16. Ra1 Qe7 17. h3 Bxf3 18. Bxf3 h6 19. Rb1 Na5 20. Bg4+ Kb8
21. Be1 Nd6 22. Be2 Ndc4 23. Rb4 c5 24. Ra4 Nb2 1/2-1/2

[Event "British Senior"]
[Site "?"]
[Date "2012.08.02"]
[Round "?"]
[White "Turnock, John F"]
[Black "Myall, Ivan J"]
[Result "0-1"]
[WhiteElo "2032"]
[BlackElo "2071"]
[PlyCount "132"]
[EventDate "2012.??.??"]
[SourceTitle "OM OTB B 201907"]
[Source "Opening Master"]
[SourceDate "2019.07.06"]
[SourceVersion "2"]
[SourceVersionDate "2019.07.06"]
[SourceQuality "1"]

1. e4 e5 2. Nf3 Nc6 3. c3 Nf6 4. d4 d5 5. Bb5 Nxe4 6. Nxe5 Bd7 7. Nxd7 Qxd7 8.
Nd2 Nxd2 9. Bxd2 Be7 10. O-O O-O 11. Qf3 Rad8 12. Bd3 f5 13. Qg3 Bd6 14. Bf4
Rf6 15. Bxd6 Rxd6 16. Rfe1 Rf8 17. f4 Rg6 18. Qe3 Qd6 19. g3 Rgf6 20. h4 Rg6
21. Kf2 a6 22. b4 Nd8 23. Qe5 Qd7 24. Qe7 Qxe7 25. Rxe7 Rc6 26. Re5 g6 27. Rc1
Rd6 28. c4 Nc6 29. Re3 Nxb4 30. cxd5 Nxd3+ 31. Rxd3 Rf7 32. Rdc3 Rdd7 33. a4 a5
34. Rc5 b6 35. R5c4 Kf8 36. d6 Rxd6 37. Rxc7 Rxc7 38. Rxc7 Rxd4 39. Rb7 Rb4 40.
h5 gxh5 41. Rxh7 h4 42. Rxh4 Kg7 43. Rh1 Rxa4 44. Rc1 Rb4 45. Rc7+ Kg6 46. Rc6+
Kf7 47. Rc7+ Ke6 48. Rc6+ Kd5 49. Rf6 Ke4 50. Re6+ Kd4 51. Re5 a4 52. Rxf5 a3
53. Rf8 Ra4 54. Rd8+ Kc3 55. Rd1 a2 56. f5 a1=Q 57. Rxa1 Rxa1 58. f6 Ra7 59. g4
Rf7 60. g5 b5 61. Kf3 b4 62. Kg4 b3 63. Kf5 b2 64. Ke6 Rb7 65. f7 b1=Q 66. f8=Q
Qe4+ 0-1

[Event "RN-2012-0-00512"]
[Site "Lechenicher SchachServer"]
[Date "2012.08.02"]
[Round "?"]
[White "Kratky, Josef"]
[Black "Ventura, Bob"]
[Result "1-0"]
[WhiteElo "1061"]
[BlackElo "718"]
[PlyCount "21"]
[EventDate "2012.07.22"]

1. e4 e5 2. Nf3 Nc6 3. c3 Nf6 4. d4 Nxe4 5. d5 Nb8 6. Nxe5 Bc5 7. Qg4 Nxf2 8.
Qxg7 Rf8 9. Be2 Nxh1 10. Bg5 Be7 11. Nxf7 1-0

[Event "Rewal op-B 17th"]
[Site "Rewal"]
[Date "2012.08.??"]
[Round "7"]
[White "Huchler, Harald"]
[Black "Lebiedowicz, Borys"]
[Result "0-1"]
[WhiteElo "1446"]
[BlackElo "1730"]
[PlyCount "92"]
[EventDate "2012.08.20"]
[EventType "swiss"]
[EventRounds "9"]
[EventCountry "POL"]
[SourceTitle "EXT 2014"]
[Source "ChessBase"]
[SourceDate "2013.11.20"]
[SourceVersion "1"]
[SourceVersionDate "2013.11.20"]
[SourceQuality "1"]

1. e4 e5 2. Nf3 Nc6 3. c3 Nf6 4. d3 d6 5. Be2 Be7 6. O-O O-O 7. Bg5 h6 8. Bh4
Ne8 9. Bxe7 Qxe7 10. Nbd2 Kh7 11. Nc4 f5 12. exf5 Bxf5 13. Ne3 Bd7 14. Qc2 Nf6
15. d4+ e4 16. Nd2 g6 17. f3 d5 18. fxe4 dxe4 19. Bc4 b5 20. Bd5 Nxd5 21. Nxd5
Qg5 22. Nxc7 Rac8 23. Nxe4 Qe3+ 24. Rf2 Rxc7 25. Raf1 Bf5 26. Qe2 Qxe2 27. Rxe2
Kg7 28. Nd6 Bd3 29. Rxf8 Kxf8 30. Re3 Rd7 31. Rf3+ Ke7 32. Nc8+ Kd8 33. Nxa7
Rxa7 34. Rxd3 Rxa2 35. Rd2 Na5 36. Rf2 Ra1+ 37. Rf1 Rxf1+ 38. Kxf1 Nc4 39. b4
Ne3+ 40. Kf2 Nd1+ 41. Kf3 Nxc3 42. Kf4 Nd5+ 43. Ke5 Nxb4 44. Kd6 Nd3 45. Kd5
Kd7 46. g4 g5 0-1

[Event "Tabor op"]
[Site "Tabor"]
[Date "2012.07.31"]
[Round "4"]
[White "Kopecky, Jiri"]
[Black "Mareckova, Martina"]
[Result "1/2-1/2"]
[WhiteElo "1956"]
[BlackElo "2089"]
[PlyCount "81"]
[EventDate "2012.07.29"]
[EventType "swiss"]
[EventRounds "9"]
[EventCountry "CZE"]
[SourceTitle "EXT 2013"]
[Source "ChessBase"]
[SourceDate "2012.11.22"]
[SourceVersion "1"]
[SourceVersionDate "2012.11.22"]
[SourceQuality "1"]

1. e4 e5 2. Nf3 Nc6 3. c3 Nf6 4. d4 Nxe4 5. Bd3 d5 6. Nxe5 Nxe5 7. dxe5 Bc5 8.
Bxe4 Qh4 9. O-O dxe4 10. Qe2 O-O 11. b4 Bb6 12. Be3 Bxe3 13. Qxe3 Re8 14. Nd2
Rxe5 15. Nf3 exf3 16. Qxe5 Bg4 17. Rfe1 h6 18. Qg3 Qxg3 19. fxg3 fxg2 20. Kxg2
Kf8 21. Re4 Be6 22. Rd4 Rc8 23. a3 Ke7 24. Kf2 c5 25. Rd2 b6 26. Rb2 cxb4 27.
cxb4 Rc4 28. a4 Kd6 29. Ke3 Kc6 30. Kd3 Rg4 31. Rc1+ Kd6 32. Ke3 h5 33. Rd2+
Ke5 34. Rb2 Kd6 35. Rd1+ Ke5 36. Rd8 h4 37. Kf2 hxg3+ 38. hxg3 Rc4 39. Ra8 Rc7
40. Rd2 Rc4 41. Rxa7 1/2-1/2

[Event "Politiken Cup 34th"]
[Site "Helsingor"]
[Date "2012.07.30"]
[Round "4"]
[White "Skovgaard, Ib"]
[Black "Rorvik, Jon Fredrik"]
[Result "0-1"]
[WhiteElo "2006"]
[BlackElo "2149"]
[PlyCount "41"]
[EventDate "2012.07.28"]
[EventType "swiss"]
[EventRounds "10"]
[EventCountry "DEN"]
[SourceTitle "CBM 149 Extra"]
[Source "ChessBase"]
[SourceDate "2012.08.24"]
[SourceVersion "1"]
[SourceVersionDate "2012.08.24"]
[SourceQuality "1"]

1. e4 e5 2. Nf3 Nc6 3. c3 d5 4. Qa4 Qd6 5. d4 Bd7 6. exd5 Nxd4 7. Qd1 Nxf3+ 8.
Qxf3 Nf6 9. Bc4 Be7 10. b3 c6 11. Ba3 c5 12. b4 Qb6 13. Nd2 cxb4 14. d6 Bxd6
15. Bxf7+ Kxf7 16. Nc4 Qc7 17. Qd3 Be7 18. Bxb4 Bb5 19. Nd6+ Bxd6 20. Qxb5 Bxb4
21. Qxb4 0-1

[Event "Major Open"]
[Site "?"]
[Date "2012.07.30"]
[Round "?"]
[White "Mccullough, Simon L"]
[Black "Henderson, David"]
[Result "1/2-1/2"]
[WhiteElo "2065"]
[BlackElo "2008"]
[PlyCount "84"]
[EventDate "2012.??.??"]
[SourceTitle "OM OTB B 201907"]
[Source "Opening Master"]
[SourceDate "2019.07.06"]
[SourceVersion "2"]
[SourceVersionDate "2019.07.06"]
[SourceQuality "1"]

1. e4 e5 2. Nf3 Nc6 3. c3 Nf6 4. d4 Nxe4 5. d5 Ne7 6. Nxe5 Ng6 7. Nxg6 hxg6 8.
Bd3 Nf6 9. O-O Be7 10. Re1 O-O 11. c4 d6 12. Nc3 Re8 13. h3 Bf5 14. Bxf5 gxf5
15. Qf3 g6 16. Be3 Nd7 17. Qd1 Bf6 18. Qb3 b6 19. Nb5 a6 20. Nd4 Nc5 21. Qc2
Qd7 22. Nc6 Re4 23. Bxc5 Rxe1+ 24. Rxe1 bxc5 25. Qe2 Kg7 26. a3 a5 27. a4 Kf8
28. Qd2 Re8 29. Qxa5 f4 30. Qd2 Ra8 31. Qxf4 Bxb2 32. g4 Rxa4 33. Re7 Qxe7 34.
Nxe7 Kxe7 35. Qe4+ Kf8 36. Qc2 Ra1+ 37. Kg2 Bd4 38. Qb3 Kg7 39. h4 Ra6 40. Qb7
Ra2 41. Qxc7 Rxf2+ 42. Kg3 Rf6 1/2-1/2

[Event "BRA-ch Seniors"]
[Site "Joao Pessoa"]
[Date "2012.07.29"]
[Round "5"]
[White "Born, Ary"]
[Black "Pimentel, Hermano Gomes"]
[Result "1-0"]
[WhiteElo "1444"]
[BlackElo "1800"]
[PlyCount "120"]
[EventDate "2012.07.27"]
[EventType "swiss"]
[EventRounds "6"]
[EventCountry "BRA"]
[SourceTitle "EXT 2014"]
[Source "ChessBase"]
[SourceDate "2013.11.20"]
[SourceVersion "1"]
[SourceVersionDate "2013.11.20"]
[SourceQuality "1"]

1. e4 e5 2. Nf3 Nc6 3. c3 Nf6 4. d4 d6 5. d5 Ne7 6. Bb5+ Bd7 7. Qa4 a6 8. Bxd7+
Nxd7 9. Bg5 b5 10. Qd1 f6 11. Bh4 Ng6 12. Bg3 Nc5 13. Qe2 Be7 14. Nbd2 O-O 15.
h4 Nf4 16. Bxf4 exf4 17. O-O-O Qd7 18. Nd4 Rab8 19. Nf5 Kh8 20. Qg4 g6 21. Nh6
Qxg4 22. Nxg4 a5 23. Nf3 Nxe4 24. Nd4 Rb7 25. Ne6 Rfb8 26. Nxf4 f5 27. Rhe1
Bxh4 28. g3 Bg5 29. Kc2 Rc8 30. Ne6 c6 31. Nxg5 Nxg5 32. Nf6 c5 33. Re8+ Rxe8
34. Nxe8 Ne4 35. g4 Nxf2 36. Re1 Nxg4 37. Nxd6 Rd7 38. Nxb5 Rxd5 39. c4 Re5 40.
Kd2 Rxe1 41. Kxe1 f4 42. Nd6 g5 43. Nf7+ Kg7 44. Nxg5 Nf6 45. Ne6+ Kf7 46. Nxf4
h5 47. Nd3 Ne4 48. Ke2 Nd6 49. b3 Nb7 50. Kf3 Kg6 51. Kf4 Kf6 52. Nf2 Nd6 53.
a4 Kg6 54. Ke5 Nf5 55. Kd5 Nd4 56. Kxc5 Nxb3+ 57. Kb5 Kf6 58. c5 Ke6 59. Kc4
Nd2+ 60. Kb5 Nb3 1-0

[Event "waynemo's mini-tournament III"]
[Site "http://gameknot.com/chess.pl?"]
[Date "2012.07.29"]
[Round "?"]
[White "locathah"]
[Black "nopersona"]
[Result "1/2-1/2"]
[WhiteElo "2052"]
[BlackElo "2065"]
[PlyCount "118"]
[EventDate "2012.??.??"]
[SourceTitle "OM Portal C 201906"]
[Source "Opening Master"]
[SourceDate "2019.06.27"]
[SourceVersion "1"]
[SourceVersionDate "2019.06.27"]
[SourceQuality "1"]

1. e4 e5 2. Nf3 Nc6 3. c3 d5 4. Qa4 Nf6 5. Nxe5 Bd6 6. Nxc6 bxc6 7. d3 O-O 8.
Be2 Re8 9. Nd2 Bg4 10. f3 Bd7 11. Qc2 a5 12. O-O Nh5 13. Rd1 Nf4 14. Nf1 Nxe2+
15. Qxe2 f5 16. Re1 Rb8 17. Qc2 dxe4 18. dxe4 Qh4 19. Be3 fxe4 20. Bf2 Qg5 21.
Rxe4 Rxe4 22. fxe4 Be6 23. b3 Rf8 24. Re1 Bh3 25. Be3 Qg6 26. Qe2 h6 27. Nd2
Bg4 28. Qa6 Bh3 29. Qc4+ Kh7 30. Qe2 Bg4 31. Qd3 Rd8 32. Qc2 Rf8 33. Bd4 c5 34.
Be3 Bd7 35. c4 Bc6 36. Qb1 Kg8 37. Qd1 a4 38. bxa4 Ra8 39. Bf2 Rxa4 40. Qc2 Ra8
41. g3 h5 42. Qb3 h4 43. e5 Be7 44. Nf1 h3 45. Nd2 Rd8 46. Be3 Ba8 47. Qb5 Bg5
48. Bxg5 Qxg5 49. Re2 Qh5 50. Re1 Rxd2 51. Qb8+ Kh7 52. Qxa8 Re2 53. Kf1 Rxe1+
54. Kxe1 Qxe5+ 55. Kf2 Qb2+ 56. Ke3 Qc1+ 57. Kd3 Qd1+ 58. Ke3 Qg1+ 59. Kf4 Qc1+
1/2-1/2

[Event "FICGS__CHESS__RAPID_E__000085"]
[Site "FICGS"]
[Date "2012.07.28"]
[Round "1"]
[White "Melquiades, Jay"]
[Black "Martinez, Silvio"]
[Result "0-1"]
[WhiteElo "873"]
[BlackElo "1055"]
[PlyCount "100"]
[EventDate "2012.??.??"]
[EventType "rapid"]

1. e4 Nc6 2. c3 e5 3. Nf3 Nf6 4. h3 d5 5. d3 dxe4 6. dxe4 Nxe4 7. Nbd2 Nxd2 8.
Bxd2 Be7 9. Qa4 O-O 10. Bb5 Bd7 11. Nxe5 Be6 12. O-O-O Nxe5 13. Rhe1 Nd3+ 14.
Bxd3 Qxd3 15. Be3 Qf5 16. g4 Qf3 17. Bd4 a6 18. Bxg7 Kxg7 19. Qd4+ Bf6 20. Rd3
Bxd4 21. Rxf3 Bc5 22. b4 Bd5 23. Rf5 c6 24. bxc5 Bxa2 25. Rg5+ Kf6 26. Rh5 Kg6
27. f4 f5 28. Rg5+ Kf6 29. h4 Rae8 30. Rxf5+ Kg7 31. Rg5+ Kh8 32. Rh1 Rxf4 33.
Kb2 Re2+ 34. Ka3 Rc4 35. Rf1 Rxc3+ 36. Ka4 h6 37. Rf8+ Kh7 38. Rh5 Kg6 39. Rg8+
Bxg8 40. Rf5 Re4+ 41. Ka5 Be6 42. h5+ Kg7 43. Rf2 Rxc5+ 44. Kb6 Rc1 45. g5 hxg5
46. Rh2 Rb4+ 47. Kc7 Rh4 48. h6+ Kxh6 49. Rd2 Rf4 50. Rh2+ Kg6 0-1

[Event "BUL-ch op (Women)"]
[Site "Vratsa"]
[Date "2012.07.27"]
[Round "6"]
[White "Pencheva, Iva"]
[Black "Atanasova, Elitsa"]
[Result "1-0"]
[WhiteElo "1799"]
[BlackElo "1727"]
[PlyCount "121"]
[EventDate "2012.07.23"]
[EventType "swiss"]
[EventRounds "9"]
[EventCountry "BUL"]
[SourceTitle "CBM 149 Extra"]
[Source "ChessBase"]
[SourceDate "2012.08.24"]
[SourceVersion "1"]
[SourceVersionDate "2012.08.24"]
[SourceQuality "1"]

1. e4 e5 2. Nf3 Nc6 3. c3 Nf6 4. d4 Nxe4 5. d5 Ne7 6. Nxe5 Ng6 7. Qd4 Qe7 8.
Qxe4 Qxe5 9. Qxe5+ Nxe5 10. Bf4 d6 11. Na3 a6 12. O-O-O Be7 13. Re1 Ng6 14. Bd2
O-O 15. Nc4 Bf6 16. Bd3 Bd7 17. Ne3 Ne5 18. Be2 Rfe8 19. f4 Ng6 20. g3 b5 21.
Bf3 a5 22. Nc2 Bf5 23. Rxe8+ Rxe8 24. Re1 Rxe1+ 25. Bxe1 Bd7 26. Bf2 Ne7 27.
Bd4 c5 28. dxc6 Bxc6 29. Bxc6 Nxc6 30. Bb6 Kf8 31. Na3 b4 32. cxb4 axb4 33. Nb5
Ke7 34. a4 bxa3 35. bxa3 Kd7 36. Kc2 Bd8 37. Bxd8 Nxd8 38. Kc3 Nc6 39. Kc4 g6
40. a4 Na5+ 41. Kd5 Nb7 42. Nc3 Na5 43. Ne4 Nb7 44. Nf6+ Ke7 45. Ne4 Kd7 46. g4
h6 47. Nf6+ Kc7 48. h4 Nc5 49. Ne8+ Kd7 50. Nxd6 Nxa4 51. Nxf7 h5 52. Ne5+ Ke8
53. g5 Nc3+ 54. Ke6 Ne2 55. Nxg6 Nd4+ 56. Kf6 Nf3 57. Kg7 Kd7 58. Ne5+ Nxe5 59.
fxe5 Ke6 60. Kh6 Kxe5 61. Kxh5 1-0

[Event "CRO-ch U19"]
[Site "Topusko"]
[Date "2012.07.26"]
[Round "6"]
[White "Blazeka, Damjan"]
[Black "Prihoda, Leonardo"]
[Result "1/2-1/2"]
[WhiteElo "2123"]
[BlackElo "1881"]
[PlyCount "118"]
[EventDate "2012.??.??"]
[EventType "swiss"]
[EventRounds "9"]
[EventCountry "CRO"]
[SourceTitle "EXT 2013"]
[Source "ChessBase"]
[SourceDate "2012.11.22"]
[SourceVersion "1"]
[SourceVersionDate "2012.11.22"]
[SourceQuality "1"]

1. e4 e5 2. Nf3 Nc6 3. c3 Nf6 4. d4 exd4 5. e5 Ne4 6. Qe2 Nc5 7. cxd4 Ne6 8. d5
Ncd4 9. Nxd4 Nxd4 10. Qe4 Bb4+ 11. Nc3 c5 12. Bd3 g6 13. O-O Bxc3 14. bxc3 Nf5
15. Qf3 Ng7 16. c4 O-O 17. Bb2 d6 18. Rfe1 dxe5 19. Rxe5 f6 20. Re2 Bf5 21.
Rae1 Bxd3 22. Qxd3 Qd6 23. g3 Rae8 24. Bc1 Rxe2 25. Rxe2 g5 26. f4 g4 27. Re4
b5 28. f5 bxc4 29. Rxc4 Rd8 30. Rxg4 Qxd5 31. Qxd5+ Rxd5 32. Bh6 Rd7 33. Kf2
Re7 34. h4 Kh8 35. Bxg7+ Rxg7 36. Rxg7 Kxg7 37. Ke3 Kh6 38. g4 Kg7 39. g5 fxg5
40. hxg5 h5 41. gxh6+ Kxh6 42. Ke4 Kg5 43. Ke5 c4 44. f6 c3 45. f7 c2 46. f8=Q
c1=Q 47. Qg7+ Kh5 48. Qh7+ Kg5 49. Qf5+ Kh6 50. Qf6+ Kh5 51. Qf7+ Kg5 52. Qg7+
Kh5 53. Qxa7 Qb2+ 54. Kd5 Qd2+ 55. Kc6 Qg2+ 56. Kc7 Qh2+ 57. Kb7 Qg2+ 58. Kb8
Qh2+ 59. Ka8 Qg2+ 1/2-1/2